000 01002nam a22001697a 4500
999 _c59574
_d59574
003 Ge_BSU
005 20230320103814.0
008 230320c2020 ge ||||| |||| 00| 0 geo d
020 _a15120481
041 _ageo
245 _aსაქართველოს უზენაესი სასამართლოს გადაწყვეტილებანი /
_bსისხლის სამართლის საქმეებზე : [ყოველთვიური]. სისხლის სამართალი ზოგადი და კერძო ნაწილები. სისხლის სამართლის პროცესი კერძო ნაწილები.
260 _aთბილისი,
_c2020.
300 _av.
653 _aსაქართველოს უზენაესი სასამართლოს გადაწყვეტილებანი
653 _aპერიოდიკა
942 _2udc
_cCR